| 000 | 00795nam a2200217 a 4500 | ||
|---|---|---|---|
| 001 | 000035060 | ||
| 005 | 20200930074058.0 | ||
| 008 | 111024s1988 sp a 000 0 spa d | ||
| 020 | _a8420645168 | ||
| 040 |
_aDO-SdBNP _bspa _cBNPHU |
||
| 082 |
_a709.467 _bC578a |
||
| 100 | 1 |
_aCirici-Pellicer, Alexandre _960700 |
|
| 245 | 1 | 3 |
_aEl arte catalán / _cAlexandre Cirici-Pellicer. |
| 260 |
_aBarcelona : _bAlianza Editorial : _bEnciclopèdia Catalan, _c1988. |
||
| 300 |
_a404 p. : _bil. ; _c22 cm. |
||
| 490 | 1 |
_aBiblioteca de cultura catalana _v16 |
|
| 590 | _aPerteneció a la biblioteca personal de Juan Isidro Jimenes Grullón | ||
| 650 | 4 |
_aArte _zCataluña (España{Rpara} _xHistoria _960701 |
|
| 830 | 0 |
_aBiblioteca de cultura catalana _v16 _960702 |
|
| 910 | _aValidado. Control de calidad MFF | ||
| 999 |
_c34551 _d34551 |
||